00701 2200241 4500001002100000005001500021035002000036007000300056008003900059020001900098082001000117084001600127100002600143245005100169250001400220260004200234300004400276650003100320650003900351650003800390502001100428990002000439INLIS00000000000527820250306091125 a0010-0325000003ta250306 | | |  a978623608379-6 a297.3 a297.3 DR. d0 aDr. G. Rassol Hussein1 aDasar-Dasar Psikologi /cDr. G. Rassol Hussein aCet. 2,-- aJakarta Selatan. :bRenebook.,c2024. axxviii+379 hlm. :bilus. ;c15 x 23 cm. aPenyunting, Jajang Hartono aPenyelaras akhir, M. Farobi Afandi aPerancangsampul, Gibs Ilustration aIndeks a16154/P/BL/2025